Kritische bemerkungen über die eidechsenrassen des toskanischen archipels (Registro nro. 9292)

Detalles MARC
000 -CABECERA
Campo de control 005330000a22001810004500
090 ## - CLASIFICACIÓN LOCAL
Colección AR
Consecutivo 00192
041 0# - IDIOMA
Código de idioma para texto/pista de sonido o título separado
100 1# - ASIENTO PRINCIPAL--NOMBRE PERSONAL
Nombre personal Mertens, Robert
245 10 - MENCION DE TITULO
Título Kritische bemerkungen über die eidechsenrassen des toskanischen archipels
650 14 - ASIENTO SECUNDARIO DE MATERIA - TERMINO TEMATICO
Término temático o nombre geográfico como elemento de entrada Fauna
650 14 - ASIENTO SECUNDARIO DE MATERIA - TERMINO TEMATICO
Término temático o nombre geográfico como elemento de entrada Reptiles
650 14 - ASIENTO SECUNDARIO DE MATERIA - TERMINO TEMATICO
Término temático o nombre geográfico como elemento de entrada Lagartos
650 14 - ASIENTO SECUNDARIO DE MATERIA - TERMINO TEMATICO
Término temático o nombre geográfico como elemento de entrada Herpetología
653 ## - TERMINO DE INDIZACION - NO CONTROLADO
-- Lacerta
-- Lacerta muralis
653 ## - TERMINO DE INDIZACION - NO CONTROLADO
-- Lacerta
-- Lacerta sicula
773 1# - Item fuente:
Título Senckenbergiana Biologica
Especificación de materiales 2
Descripción física 1-3
Paginas del Articulo 1-7
Lugar, editorial y fecha de publicación 1949
Información sobre la relación 30
942 ## - ELEMENTOS ADICIONALES (KOHA)
Tipo de ítem Artículo
Existencias
Withdrawn status Lost status Damaged status No para préstamo Colección Ubicación Permanente Ubicación actual Fecha de adquisición Datos de publicación Seriada Total Checkouts Número topográfico Inventario / Código de Barras Date last seen Ejemplar Price effective from Forma de adquisición Tipo de material
      No para Préstamo Hemeroteca Bogotá Bogotá 27/02/2015 Fuera de circulación   AR 00192 010431 25/03/2015 1 25/03/2015   Artículo